Fear of fear : a survey of terrorist operations and controls in open societies /

Bibliographic Details
Main Author: Wolf, John B.
Format: Book
Language:English
Published: New York : Plenum Press, [1981]
Series:Criminal justice and public safety.
Subjects:

MARC

Tag First Indicator Second Indicator Subfields
LEADER 00000cam a22000008a 4500
001 in00000083049
005 20151008055546.0
008 810810s1981 nyua b 00110 eng
010 |a  81013816  
020 |a 0306407663 
035 |a (OCoLC)07733535 
035 |9 AAJ3784AM 
039 0 |a 2  |b 3  |c 3  |d 3  |e 3 
040 |a DLC  |c DLC  |d TXA  |d UtOrBLW 
049 |a TXAM  |c [951882] 
050 0 0 |a HV6431  |b .W6 
082 0 |a 363.3/2  |2 19 
100 1 |a Wolf, John B. 
245 1 0 |a Fear of fear :  |b a survey of terrorist operations and controls in open societies /  |c John B. Wolf. 
263 |a 8107 
264 1 |a New York :  |b Plenum Press,  |c [1981] 
264 4 |c ©1981 
300 |a xix, 235 pages :  |b illustrations ;  |c 24 cm. 
336 |a text  |b txt  |2 rdacontent 
337 |a unmediated  |b n  |2 rdamedia 
338 |a volume  |b nc  |2 rdacarrier 
490 1 |a Criminal justice and public safety 
500 |a Includes index. 
504 |a Bibliography: pages 215-217. 
650 0 |a Terrorism. 
650 0 |a Terrorism  |x Prevention. 
830 0 |a Criminal justice and public safety. 
999 |a MARS 
999 f f |s 285b5b4f-a52a-3999-8b3e-2b2a59f2f1a4  |i 8109fe41-44c9-305a-892a-fcec336e11d9  |t 0 
952 f f |p ric  |a Texas A&M University  |b Rellis Campus  |c Joint Library Facility  |d Remote Storage  |t 0  |e HV6431 .W6  |h Library of Congress classification  |i unmediated -- volume  |m A14806146762 
998 f f |a HV6431 .W6  |t 0  |l Remote Storage